000
00229 a2200097 4500
001
18933
100
_a
Murray D A
245
_a
Introductory course in differential equations
260
_a
_b
Longmans
_c
1930
090
_c
14021
_d
14021
942
_a
NUST-CAE
_c
M
_c
4472
999
_c
254006
_d
254006